00414nam a2200121 a 450000500170000000800410001705000180005810000220007624500350009826000420013399900190017595200980019420140414131856.0100901s19uu xx 00 eng d aFILbP64 2008 aAlmario, Virgilio aSi Pilandok at ang mga buwaya. aManila, Philippines :bAdarna,c2008. c110446d110446 001040aMUbMUcFILd2010-09-01l0oFIL P64 2008pM0854r2014-04-14 00:00:00w2014-04-14yBK